| 000 | 00599nam a2200205Ia 4500 | ||
|---|---|---|---|
| 005 | 20250326144311.0 | ||
| 008 | 250326s9999 xx 000 0 und d | ||
| 020 | _a0-231-12761-8 | ||
| 037 | _aTextbook | ||
| 040 |
_aFMSL _beng _cFMSL |
||
| 041 |
_aeng _2eng |
||
| 084 |
_aO131 P3 _qFMSL |
||
| 100 |
_aNicholas Nick _9749423 |
||
| 245 | 0 |
_aEntertaining tale of quadrupeds:Translation and commmentary _cNicholas Nick; Baloglou George |
|
| 260 |
_aNY _bNY, Columbia _c2003 |
||
| 300 | _axv,557 | ||
| 365 | _b1665.6600000000001 | ||
| 942 |
_cTB _hO131 P3 |
||
| 999 |
_c1303211 _d1303211 |
||